Understanding Business / Third Edition (Record no. 76)
[ view plain ]
| 000 -LEADER | |
|---|---|
| fixed length control field | 01546cam a22002294a 4500 |
| 005 - ΗΜΕΡΟΜΗΝΙΑ ΚΑΙ ΩΡΑ ΤΕΛΕΥΤΑΙΑΣ ΕΝΗΜΕΡΩΣΗΣ | |
| Πεδίο ελέγχου | 20250605163923.0 |
| 008 - FIXED-LENGTH DATA ELEMENTS--GENERAL INFORMATION | |
| Πεδίο ελέγχου σταθερού μήκους | 250528s ||||||||||||||||||||||||d |
| 035 ## - SYSTEM CONTROL NUMBER | |
| System control number | 14444 |
| 020 ## - ISBN | |
| ISBN | 256095485 |
| 040 ## - ΠΗΓΗ ΚΑΤΑΛΟΓΟΓΡΑΦΗΣΗΣ | |
| Φορέας πρωτότυπης καταλογογράφησης | MC Athens Campus Library |
| Γλώσσα καταλογογράφησης | Ελληνικά, Μοντέρνα (1453-) |
| Modifying agency | MC Athens Campus Library |
| Κανόνες περιγραφικής καταλογογράφησης | AACR2 |
| 245 1# - ΤΙΤΛΟΣ ΚΑΙ ΔΗΛΩΣΗ ΥΠΕΥΘΥΝΟΤΗΤΑΣ | |
| Τίτλος | Understanding Business / Third Edition |
| 250 ## - EDITION STATEMENT | |
| Edition statement | 3rd |
| 260 ## - PUBLICATION, DISTRIBUTION, ETC. | |
| Name of publisher, distributor, etc. | Irwin Mcgraw-Hill, |
| Date of publication, distribution, etc. | 1993 |
| 300 ## - PHYSICAL DESCRIPTION | |
| Extent | 952 |
| 520 ## - SUMMARY, ETC. | |
| Summary, etc. | Business Trends and the Economic Environment, Career and Course Resources, Trends Affecting Business, World Economic Systems, Economic Issues Affecting Business, Business Formation, Entrepreneurship and Franchising, Entrepreneurial Readiness Questionnaire, Starting a Small Business, Forms of Business Organization, Fundamentals of Marketing, Marketing Principles, Product Development and Pricing, Distribution: Wholesaling and Retailing, Promotion and Marketing Research, Management, Management and Leadership, Organizing a Business, Production and Operations Management, Management Tools for the Information Age, Helpful Computer Terms, Management of Human Resources, Motivation, Human Resource Management, Getting the Job You Want, Employee-Management Issues: Unions and Executive Compensation and Pay and Equity and Other Issues, Accounting and Finance, Accounting Fundamentals, Financial Ratios, Financial Management, Stock and Bonds, Money and Financial Institutions, Financial Planning. |
| 700 1# - ΠΡΟΣΘΕΤΗ ΑΝΑΓΡΑΦΗ--ΦΥΣΙΚΟ ΠΡΟΣΩΠΟ | |
| Personal name | Mchugh James M |
| 9 (RLIN) | 109 |
| 700 1# - ΠΡΟΣΘΕΤΗ ΑΝΑΓΡΑΦΗ--ΦΥΣΙΚΟ ΠΡΟΣΩΠΟ | |
| Personal name | Mchugh Susan M |
| 9 (RLIN) | 110 |
| 700 1# - ΠΡΟΣΘΕΤΗ ΑΝΑΓΡΑΦΗ--ΦΥΣΙΚΟ ΠΡΟΣΩΠΟ | |
| Personal name | Nickels William G |
| 9 (RLIN) | 111 |
| 942 ## - ADDED ENTRY ELEMENTS (KOHA) | |
| Koha item type | Books |
| Τύπος τεκμηρίου | Βιβλιοθήκη | Τρέχουσα τοποθεσία | Barcode | Αριθμός εισαγωγής | Ημερομηνία απόκτησης | Ταξιθετικό σύμβολο | Αριθμός αντιτύπου | Κατάσταση απόσυρσης | Κατάσταση χαμένου | Κατάσταση κατεστραμμένου | Μη δανεισμός | Σύνολο δανεισμών | Ημερομηνία τελευταίας εμφάνισης | Η τιμή ισχύει από |
|---|---|---|---|---|---|---|---|---|---|---|---|---|---|---|
| Books | MC Athens Campus Library | MC Athens Campus Library | 9780000000750 | 5555 | 05/06/2025 | 650 NIC | 1 | 05/06/2025 | 05/06/2025 |